000 005430000a22001810004500
041 0 _aSPA
082 0 4 _aG 232 H6896c
100 1 _aHodgkin, A. M.
245 1 0 _aCristo en todas las escrituras / A. M. Hodgkin ; Victor S. Hunt, Traductor
260 _aBuenos Aries, Argentina : Cristiana
300 _a275 Pag
650 1 4 _aJESUCRISTO \ JESUCRISTO - PROFECIAS \ INTERPRETACION DE LA BIBLIA
001 3938
942 _cBK
999 _c34561
_d34561
336 _atexto
_btxt
_2rdacontent
337 _2rdamedia
_asin mediación
_bn
338 _2rdacarrier
_avolumen
_bnc